La carrière de Loïc Rémy - Statistiques

Statistiques générales
  • Ce quiz a été pris 24 fois
  • Le résultat moyen est 5 sur 14
Statistiques - réponses
Année Match But Club % Correct
2006 - 2008 18 0 Olympique Lyonnais
83%
2010 - 2013 111 42 Olympique de Marseille
78%
2014 - 2017 47 12 Chelsea FC
61%
2018 - 2020 59 21 LOSC Lille
61%
2008 - 2010 74 30 OGC Nice
52%
-> 2013 - 2014 27 14 Newcastle United
39%
2013 - 2014 16 6 Queens Park Rangers
35%
-> 2008 12 4 RC Lens
26%
2023 0 0 Stade Brestois 29
26%
2022 2 0 Adana Demirspor
4%
2020 - 2022 28 7 Çaykur Rizespor
0%
-> 2016 - 2017 8 0 Crystal Palace
0%
-> 2018 11 3 Getafe
0%
2017 - 2018 13 6 UD Las Palmas
0%
Aucun quiz correspondant
Distribution des résultats
% des personnes avec chaque résultat
Percentile par nombre de réponses
Votre historique - résultats
Vous n’avez pas pris ce quiz